Normal view MARC view
  • Horarios escolares

Entry Materia

Number of records used in: 9

001 - NÚMERO DE CONTROL DEL REGISTRO

  • campo de control: 22697

003 - IDENTIFICADOR DE NUMERO DE CONTROL

  • campo de control: MX-MxUPN

005 - FECHA Y HORA DE LA ÚLTIMA TRANSACCIÓN

  • campo de control: 20250521114957.0

008 - DATOS DE LONGITUD FIJA

  • campo de control de longitud fija: 250521nn fnnnnbabn a ana |d

035 ## - NÚMERO DE CONTROL DEL SISTEMA

  • Número de control del sistema: UPN10000022706

040 ## - FUENTE DE LA CATALOGACIÓN

  • Lengua de catalogación: SPA
  • Agencia de transcripción: UPN

053 #4 - NÚMERO CLASIFICADOR - BIBLIOTECA DEL CONGRESO (LC)

  • Elemento numérico de la clasificación - Número único o no. inicial del rango: LB3032

150 ## - ENCABEZAMIENTO - TEMÁTICO

  • Término de materia o nombre geográfico como elemento inicial: Horarios escolares

450 ## - VÉASE - MATERIA

  • Encabezamiento temático: Horario escolar

670 ## - FUENTE EN LA QUE SE LOCALIZARON DATOS

  • Cita de la fuente: Escamilla Gonzl̀ez, G. Lista de encabezamientos de materia, 1978 :
  • Información localizada: pg̀ina 429 (Horarios escolares)

902 ## - CATALOGADOR

  • Catalogador: BEC/140996
  • Catalogador: Vc̕torGodn̕ez/210525